000 00458nam a2200193Ia 4500
005 20250603144541.0
008 250603s9999 xx 000 0 und d
020 _a9780273753186
050 _aHF 1017 .B38/
100 _aBerenson, Mark L.
245 0 _aBasic business statistics : concepts and applications
250 _a12th ed.
260 _aBoston
260 _bPearson
260 _c2012
300 _a889 p
650 _aBoston
942 _cBK
999 _c39252
_d39252